01115nam a2200193Ia 4500001001100000003001000011008004100021040002500062041001300087100001600100245002300116250001100139260008500150300002700235500026000262501011400522520026000636650002500896L400-25205IT-CnALBA170116s9999||||xx |||||||||||||| ||und|| aIT-CnALBAcIT-CnALBA aITALIANO aPALMER L.R. 0aLA LINGUA LATINA.  a1a ed. aTORINObEINAUDI GIULIO, EDITORE. c1977 [1° Ed.:1977 - Ed.Ling.Originale: 1954] a462 p. (prefazione: 9) aTRADUZIONE DALL'INGLESE DI MAURIZIO VITTA. LATINO E ALTRE LINGUE INDOEUROPEE. PROTOLATINI IN ITALIA. DIALETTI LATINI. LATINO PARLATO. LATINO CRISTIANO: AGOSTINO. SERMONI IN EPIFANIA DOMINI; TERTULLIANO, MARTIRIO DI CIPRIANOSANTO STEFANO (PAG. 251/252). FO aSocietà San Paolo EM - Piazza San Paolo, 14 - 12051 ALBA (CN) (non commercial uses only) ® Copyright 2017 aTRADUZIONE DALL'INGLESE DI MAURIZIO VITTA. LATINO E ALTRE LINGUE INDOEUROPEE. PROTOLATINI IN ITALIA. DIALETTI LATINI. LATINO PARLATO. LATINO CRISTIANO: AGOSTINO. SERMONI IN EPIFANIA DOMINI; TERTULLIANO, MARTIRIO DI CIPRIANOSANTO STEFANO (PAG. 251/252). FO aLINGUAGGIO IN GENERE